[Event "Senior Men Russian Championship 2022_HL"]
[Site "?"]
[Date "2022.09.25"]
[Round "2.3"]
[White "Provotorov, Alexandr P."]
[Black "Kalegin, Evgenij"]
[Result "1/2-1/2"]
[BlackElo "2386"]
[WhiteElo "2277"]
[LiveChessVersion "1.4.8"]

1. d4 {[%clk 1:30:37]} Nf6 {[%clk 1:30:54]} 2. Nf3 {[%clk 1:30:36]} g6
{[%clk 1:31:16]} 3. c4 {[%clk 1:29:41]} Bg7 {[%clk 1:31:36]} 4. Nc3
{[%clk 1:30:03]} O-O {[%clk 1:31:51]} 5. e4 {[%clk 1:29:44]} d6 {[%clk 1:32:16]}
6. Be2 {[%clk 1:29:46]} e5 {[%clk 1:32:30]} 7. O-O {[%clk 1:29:47]} Nbd7
{[%clk 1:31:33]} 8. Qc2 {[%clk 1:24:00]} c6 {[%clk 1:30:40]} 9. Rd1
{[%clk 1:23:54]} Qe7 {[%clk 1:29:53]} 10. Rb1 {[%clk 1:14:49]} exd4
{[%clk 1:27:54]} 11. Nxd4 {[%clk 1:14:39]} Nc5 {[%clk 1:28:04]} 12. f3
{[%clk 1:13:39]} a5 {[%clk 1:25:33]} 13. Bf4 {[%clk 1:05:44]} Nfd7
{[%clk 1:21:56]} 14. Bf1 {[%clk 1:01:06]} Ne5 {[%clk 1:07:12]} 1/2-1/2

[Event "Senior Men Russian Championship 2022_HL"]
[Site "?"]
[Date "2022.09.25"]
[Round "2.5"]
[White "Ionov, Sergey"]
[Black "Berlin, Grigoriy"]
[Result "1-0"]
[BlackElo "2186"]
[WhiteElo "2513"]
[LiveChessVersion "1.4.8"]

1. e4 {[%clk 1:30:53]} e6 {[%clk 1:30:44]} 2. d4 {[%clk 1:31:14]} d5
{[%clk 1:31:05]} 3. Nd2 {[%clk 1:31:39]} Nf6 {[%clk 1:30:37]} 4. e5
{[%clk 1:31:55]} Nfd7 {[%clk 1:30:57]} 5. Bd3 {[%clk 1:32:12]} c5
{[%clk 1:31:21]} 6. c3 {[%clk 1:32:38]} Nc6 {[%clk 1:31:46]} 7. Ne2
{[%clk 1:33:04]} cxd4 {[%clk 1:28:32]} 8. cxd4 {[%clk 1:33:18]} f6
{[%clk 1:28:47]} 9. exf6 {[%clk 1:33:28]} Qxf6 {[%clk 1:28:51]} 10. O-O
{[%clk 1:32:45]} Bd6 {[%clk 1:28:50]} 11. Nf3 {[%clk 1:32:59]} h6
{[%clk 1:29:08]} 12. Ng3 {[%clk 1:30:05]} O-O {[%clk 1:28:03]} 13. Bc2
{[%clk 1:30:29]} Rd8 {[%clk 1:26:23]} 14. Re1 {[%clk 1:28:16]} Nf8
{[%clk 1:11:53]} 15. Nh5 {[%clk 1:10:51]} Qf7 {[%clk 1:08:56]} 16. Ne5
{[%clk 1:10:47]} Nxe5 {[%clk 1:08:54]} 17. dxe5 {[%clk 1:11:11]} Bc5
{[%clk 1:09:15]} 18. Be3 {[%clk 1:09:47]} d4 {[%clk 1:03:58]} 19. Bxh6
{[%clk 1:08:23]} d3 {[%clk 0:48:54]} 20. Be3 {[%clk 1:02:43]} dxc2
{[%clk 0:39:24]} 21. Qxd8 {[%clk 1:03:02]} b6 {[%clk 0:39:36]} 22. Bxc5
{[%clk 0:56:59]} bxc5 {[%clk 0:39:25]} 23. Ng3 {[%clk 0:43:09]} Bb7
{[%clk 0:38:52]} 24. Qd2 {[%clk 0:42:12]} Ng6 {[%clk 0:38:17]} 25. Qxc2
{[%clk 0:41:53]} Nf4 {[%clk 0:27:48]} 26. f3 {[%clk 0:38:58]} Rc8
{[%clk 0:26:52]} 27. b3 {[%clk 0:38:43]} Bd5 {[%clk 0:26:23]} 28. Qd2
{[%clk 0:37:55]} Rf8 {[%clk 0:22:57]} 29. Rac1 {[%clk 0:34:54]} Qe7
{[%clk 0:22:07]} 30. Rc3 {[%clk 0:27:21]} Ng6 {[%clk 0:11:58]} 31. Qe3
{[%clk 0:24:16]} Nh4 {[%clk 0:11:16]} 32. Qxc5 {[%clk 0:20:44]} Qb7
{[%clk 0:11:19]} 33. Ne4 {[%clk 0:19:36]} 1-0

[Event "Senior Men Russian Championship 2022_HL"]
[Site "?"]
[Date "2022.09.25"]
[Round "2.6"]
[White "Raetsky, Alexander"]
[Black "Filipenko, Alexander V"]
[Result "1/2-1/2"]
[BlackElo "2171"]
[WhiteElo "2384"]
[LiveChessVersion "1.4.8"]

1. d4 {[%clk 1:30:24]} d5 {[%clk 1:30:53]} 2. c4 {[%clk 1:30:44]} c6
{[%clk 1:31:18]} 3. Nf3 {[%clk 1:30:43]} Nf6 {[%clk 1:31:40]} 4. Qc2
{[%clk 1:31:04]} g6 {[%clk 1:32:03]} 5. Bf4 {[%clk 1:30:48]} dxc4
{[%clk 1:32:24]} 6. Qxc4 {[%clk 1:30:46]} Bg7 {[%clk 1:32:41]} 7. Nbd2
{[%clk 1:15:34]} Bf5 {[%clk 1:30:42]} 8. e3 {[%clk 0:57:49]} O-O {[%clk 1:31:03]}
9. Be2 {[%clk 0:57:49]} Nbd7 {[%clk 1:29:53]} 10. O-O {[%clk 0:52:06]} Nh5
{[%clk 1:20:38]} 11. Bg5 {[%clk 0:41:13]} 1/2-1/2

[Event "Senior Men Russian Championship 2022_HL"]
[Site "?"]
[Date "2022.09.25"]
[Round "2.7"]
[White "Lisenko, Alexander V"]
[Black "Zhelnin, Vladimir V"]
[Result "1/2-1/2"]
[BlackElo "2344"]
[WhiteElo "2307"]
[LiveChessVersion "1.4.8"]

1. Nf3 {[%clk 1:30:56]} Nf6 {[%clk 1:29:03]} 2. c4 {[%clk 1:26:49]} g6
{[%clk 1:26:14]} 3. b3 {[%clk 1:26:30]} Bg7 {[%clk 1:26:32]} 4. Bb2
{[%clk 1:26:55]} O-O {[%clk 1:25:57]} 5. g3 {[%clk 1:27:15]} d6 {[%clk 1:24:39]}
6. d4 {[%clk 1:27:34]} e5 {[%clk 1:22:02]} 7. dxe5 {[%clk 1:17:55]} Nfd7
{[%clk 1:19:47]} 8. Bg2 {[%clk 1:16:39]} dxe5 {[%clk 1:19:35]} 9. Nc3
{[%clk 1:15:37]} e4 {[%clk 1:07:30]} 10. Nd4 {[%clk 1:09:08]} Nc5
{[%clk 1:00:59]} 11. Nc2 {[%clk 1:00:52]} a5 {[%clk 0:46:32]} 12. Qc1
{[%clk 0:49:01]} Re8 {[%clk 0:40:56]} 13. O-O {[%clk 0:47:34]} c6
{[%clk 0:38:15]} 14. Qe3 {[%clk 0:43:37]} Nba6 {[%clk 0:35:11]} 15. Rad1
{[%clk 0:42:13]} Qe7 {[%clk 0:34:07]} 16. Ba3 {[%clk 0:33:49]} Qe5
{[%clk 0:34:08]} 17. Bb2 {[%clk 0:26:52]} Qe7 {[%clk 0:34:26]} 1/2-1/2

[Event "Senior Men Russian Championship 2022_HL"]
[Site "?"]
[Date "2022.09.25"]
[Round "2.8"]
[White "Vul, Arkadi Eremeevich"]
[Black "Mishuchkov, Nikolai M."]
[Result "1/2-1/2"]
[BlackElo "2258"]
[WhiteElo "2181"]
[LiveChessVersion "1.4.8"]

1. Nf3 {[%clk 1:30:42]} g6 {[%clk 1:29:31]} 2. d4 {[%clk 1:30:29]} Nf6
{[%clk 1:27:33]} 3. g3 {[%clk 1:30:22]} c5 {[%clk 1:26:41]} 4. c3
{[%clk 1:27:07]} b6 {[%clk 1:24:25]} 5. Bg2 {[%clk 1:27:06]} Bb7 {[%clk 1:24:46]}
6. O-O {[%clk 1:26:52]} Bg7 {[%clk 1:24:00]} 7. Qb3 {[%clk 1:20:04]} cxd4
{[%clk 1:14:39]} 8. Ne5 {[%clk 1:15:32]} d5 {[%clk 1:14:09]} 9. cxd4
{[%clk 1:14:18]} O-O {[%clk 1:13:52]} 10. Nc3 {[%clk 1:12:52]} Nc6
{[%clk 1:08:11]} 11. Nxc6 {[%clk 1:07:27]} Bxc6 {[%clk 1:08:09]} 12. Bf4
{[%clk 1:07:39]} e6 {[%clk 1:03:08]} 13. Rfd1 {[%clk 1:06:43]} Nh5
{[%clk 1:02:20]} 14. Be3 {[%clk 1:06:26]} Nf6 {[%clk 1:02:30]} 15. Bf4
{[%clk 1:06:16]} Nh5 {[%clk 1:02:25]} 16. Be3 {[%clk 1:06:11]} 1/2-1/2

[Event "Senior Men Russian Championship 2022_HL"]
[Site "?"]
[Date "2022.09.25"]
[Round "2.9"]
[White "Dragomarezkij, Evgeni"]
[Black "Mamoshin, Valery"]
[Result "1-0"]
[WhiteElo "2297"]
[BlackElo "2203"]
[Annotator "User"]
[PlyCount "63"]
[EventDate "2022.??.??"]

{[%evp 0,65,30,30,25,-12,8,-3,20,-40,-10,-25,34,33,33,21,29,-7,4,22,27,5,55,25,
17,24,25,6,-3,-4,20,27,27,31,31,0,-3,-3,0,6,4,25,20,-11,-20,-35,-35,-46,-59,
-48,-46,-20,-5,-5,-5,-102,-29,-52,36,38,312,228,351,416,988,1027,29997,1697]} 
1. d4 Nf6 2. c4 c5 3. Nf3 cxd4 4. Nxd4 Nc6 5. Nc3 g6 6. e4 Bg7 7. Be3 Ng4 8.
Qxg4 Nxd4 9. Qd1 Ne6 10. Rc1 Qa5 11. Bd3 d6 12. O-O Bd7 13. f4 Nc5 14. f5 Nxd3
15. Qxd3 gxf5 16. exf5 Bc6 17. b4 Qxb4 18. Nd5 Bxd5 19. cxd5 Be5 20. Rc4 Qa5
21. Qb3 b5 22. Rb4 Rb8 23. Bd4 Rg8 24. Bxe5 dxe5 25. Kh1 h5 26. f6 exf6 27. h3
Rg6 28. d6 Rb7 29. Rd1 Kd8 30. d7 Rg7 31. Qf3 Qb6 32. Rxb5 1-0

[Event "Senior Men Russian Championship 2022_HL"]
[Site "?"]
[Date "2022.09.25"]
[Round "2.10"]
[White "Pozin, Sergey"]
[Black "Nikitinyh, Boris"]
[Result "1-0"]
[BlackElo "1853"]
[WhiteElo "2257"]
[LiveChessVersion "1.4.8"]

1. d4 {[%clk 1:30:50]} Nf6 {[%clk 1:30:48]} 2. c4 {[%clk 1:31:11]} b6
{[%clk 1:31:07]} 3. Nc3 {[%clk 1:30:50]} Bb7 {[%clk 1:31:17]} 4. f3
{[%clk 1:25:48]} e6 {[%clk 1:31:24]} 5. e4 {[%clk 1:25:47]} d5 {[%clk 1:30:44]}
6. cxd5 {[%clk 1:25:24]} exd5 {[%clk 1:30:59]} 7. e5 {[%clk 1:25:44]} Nfd7
{[%clk 1:31:05]} 8. f4 {[%clk 1:25:43]} c5 {[%clk 1:28:30]} 9. Nf3
{[%clk 1:25:35]} cxd4 {[%clk 1:27:38]} 10. Nxd4 {[%clk 1:25:56]} Bb4
{[%clk 1:27:18]} 11. Bd3 {[%clk 1:17:14]} Nc6 {[%clk 1:25:13]} 12. Be3
{[%clk 1:14:06]} Nc5 {[%clk 1:20:19]} 13. Rc1 {[%clk 1:12:54]} Nxd4
{[%clk 1:04:29]} 14. Bxd4 {[%clk 1:13:19]} Nxd3+ {[%clk 1:04:05]} 15. Qxd3
{[%clk 1:13:44]} Qd7 {[%clk 1:04:00]} 16. O-O {[%clk 1:12:04]} O-O-O
{[%clk 1:04:05]} 17. Nb5+ {[%clk 1:03:43]} Kb8 {[%clk 1:02:09]} 18. e6
{[%clk 1:03:26]} fxe6 {[%clk 0:54:53]} 19. Be5+ {[%clk 0:59:41]} Ka8
{[%clk 0:55:03]} 20. Nc7+ {[%clk 0:59:56]} Kb8 {[%clk 0:55:19]} 21. Na6+
{[%clk 0:59:44]} 1-0

[Event "Senior Men Russian Championship 2022_HL"]
[Site "?"]
[Date "2022.09.25"]
[Round "2.11"]
[White "Kornilov, Anatoly"]
[Black "Pushkov, Nikolai"]
[Result "1/2-1/2"]
[BlackElo "2206"]
[WhiteElo "2094"]
[LiveChessVersion "1.4.8"]

1. d4 {[%clk 1:30:54]} d5 {[%clk 1:30:38]} 2. c4 {[%clk 1:31:15]} e6
{[%clk 1:31:05]} 3. Nc3 {[%clk 1:31:34]} Nf6 {[%clk 1:31:05]} 4. cxd5
{[%clk 1:31:55]} exd5 {[%clk 1:31:33]} 5. Bg5 {[%clk 1:32:15]} Be7
{[%clk 1:31:34]} 6. e3 {[%clk 1:32:29]} c6 {[%clk 1:31:43]} 7. Bd3
{[%clk 1:31:40]} Nbd7 {[%clk 1:31:44]} 8. Qc2 {[%clk 1:31:12]} O-O
{[%clk 1:31:52]} 9. Nf3 {[%clk 1:31:30]} Re8 {[%clk 1:32:08]} 10. O-O
{[%clk 1:31:47]} Nf8 {[%clk 1:29:14]} 11. Rab1 {[%clk 1:31:25]} Ne4
{[%clk 1:25:49]} 12. Bxe7 {[%clk 1:31:40]} Qxe7 {[%clk 1:26:16]} 13. b4
{[%clk 1:31:45]} Ng6 {[%clk 1:22:11]} 14. b5 {[%clk 1:31:56]} Bg4
{[%clk 1:16:42]} 15. Bxe4 {[%clk 1:31:12]} dxe4 {[%clk 1:17:07]} 16. Nd2
{[%clk 1:31:32]} Bf5 {[%clk 1:09:15]} 17. bxc6 {[%clk 1:30:19]} bxc6
{[%clk 1:09:43]} 18. Ne2 {[%clk 1:29:37]} Rac8 {[%clk 1:04:30]} 19. Nb3
{[%clk 1:29:26]} Bg4 {[%clk 1:01:55]} 20. Ng3 {[%clk 1:26:09]} h5
{[%clk 0:58:45]} 21. h3 {[%clk 1:25:06]} h4 {[%clk 0:58:57]} 22. Nxe4
{[%clk 1:23:30]} Bf5 {[%clk 0:52:57]} 23. f3 {[%clk 1:23:45]} Bxe4
{[%clk 0:47:59]} 24. fxe4 {[%clk 1:24:01]} Qxe4 {[%clk 0:48:25]} 25. Qxe4
{[%clk 1:24:18]} Rxe4 {[%clk 0:48:46]} 26. Kf2 {[%clk 1:24:26]} Re7
{[%clk 0:48:08]} 27. Rfc1 {[%clk 1:23:32]} Rec7 {[%clk 0:47:29]} 28. Rc5
{[%clk 1:20:16]} Ne7 {[%clk 0:47:35]} 29. Rbc1 {[%clk 1:18:19]} Rd7
{[%clk 0:46:05]} 30. Rh5 {[%clk 1:14:52]} Re8 {[%clk 0:35:35]} 31. e4
{[%clk 1:10:35]} Ng6 {[%clk 0:31:19]} 32. Kf3 {[%clk 1:06:56]} Re6
{[%clk 0:27:09]} 33. Rhc5 {[%clk 1:00:00]} 1/2-1/2

[Event "Senior Men Russian Championship 2022_HL"]
[Site "Saint-Petersburg, Russia"]
[Date "2022.09.26"]
[Round "3.1"]
[White "Ponfilenok, Vladimir"]
[Black "Balashov, Yuri S"]
[Result "1-0"]
[TimeControl "40+30"]
[WhiteElo "2298"]
[BlackElo "2395"]

1. d4 {[%clk 01:30:58]} f5 {[%clk 01:30:51]} {[%emt 00:00:09]} 2. Bg5 {[%clk
01:30:25]} {[%emt 00:01:03]} h6 {[%clk 01:31:00]} {[%emt 00:00:22]} 3. Bh4
{[%clk 01:30:49]} {[%emt 00:00:05]} g5 {[%clk 01:31:11]} {[%emt 00:00:20]} 4.
e3 {[%clk 01:31:15]} {[%emt 00:00:03]} Nf6 {[%clk 01:31:34]} {[%emt 00:00:07]}
5. Bg3 {[%clk 01:31:36]} {[%emt 00:00:09]} d6 {[%clk 01:30:53]} {[%emt
00:01:12]} 6. Nc3 {[%clk 01:30:13]} {[%emt 00:01:53]} e6 {[%clk 01:29:58]}
{[%emt 00:01:25]} 7. h4 {[%clk 01:30:14]} {[%emt 00:00:28]} Rg8 {[%clk
01:29:23]} {[%emt 00:01:05]} 8. Qd2 {[%clk 01:22:03]} {[%emt 00:08:42]} Qe7
{[%clk 01:26:15]} {[%emt 00:03:38]} 9. O-O-O {[%clk 01:21:57]} {[%emt
00:00:35]} Nc6 {[%clk 01:18:52]} {[%emt 00:07:54]} 10. Bb5 {[%clk 01:02:56]}
{[%emt 00:19:31]} a6 {[%clk 01:12:51]} {[%emt 00:06:31]} 11. Bxc6+ {[%clk
01:02:19]} {[%emt 00:01:07]} bxc6 {[%clk 01:13:15]} {[%emt 00:00:06]} 12. hxg5
{[%clk 01:01:30]} {[%emt 00:01:18]} hxg5 {[%clk 01:13:40]} {[%emt 00:00:05]} 13.
f3 {[%clk 00:59:23]} {[%emt 00:02:37]} Bb7 {[%clk 01:08:29]} {[%emt 00:05:42]}
14. Nge2 {[%clk 00:56:10]} {[%emt 00:03:42]} O-O-O {[%clk 01:05:23]} {[%emt
00:03:36]} 15. Kb1 {[%clk 00:53:46]} {[%emt 00:02:54]} c5 {[%clk 01:03:12]}
{[%emt 00:02:41]} 16. Na4 {[%clk 00:40:38]} {[%emt 00:13:38]} Qd7 {[%clk
00:55:54]} {[%emt 00:07:47]} 17. b3 {[%clk 00:39:21]} {[%emt 00:01:48]} cxd4
{[%clk 00:53:56]} {[%emt 00:02:28]} 18. Qxd4 {[%clk 00:38:43]} {[%emt
00:01:06]} Nd5 {[%clk 00:51:09]} {[%emt 00:03:18]} 19. e4 {[%clk 00:34:07]}
{[%emt 00:05:07]} Ne7 {[%clk 00:47:40]} {[%emt 00:03:59]} 20. Rh7 {[%clk
00:32:09]} {[%emt 00:02:28]} Qc6 {[%clk 00:46:05]} {[%emt 00:02:04]} 21. Qa7
{[%clk 00:15:04]} {[%emt 00:17:35]} Bg7 {[%clk 00:38:19]} {[%emt 00:08:16]} 22.
Nd4 {[%clk 00:14:50]} {[%emt 00:00:44]} Qd7 {[%clk 00:38:16]} {[%emt 00:00:33]}
23. Rxg7 {[%clk 00:09:57]} {[%emt 00:05:24]} Rxg7 {[%clk 00:38:40]} {[%emt
00:00:06]} 24. Rd3 {[%clk 00:10:26]} {[%emt 00:00:01]} Rdg8 {[%clk 00:31:27]}
{[%emt 00:07:42]} 25. Rc3 {[%clk 00:10:24]} {[%emt 00:00:32]} Nc6 {[%clk
00:25:13]} {[%emt 00:06:45]} 26. Nxc6 {[%clk 00:10:47]} {[%emt 00:00:06]} Bxc6
{[%clk 00:25:38]} {[%emt 00:00:05]} 27. Qxa6+ {[%clk 00:11:08]} {[%emt
00:00:10]} Bb7 {[%clk 00:25:30]} {[%emt 00:00:38]} 28. Nb6+ {[%clk 00:10:55]}
{[%emt 00:00:43]} Kd8 {[%clk 00:25:53]} {[%emt 00:00:07]} 29. Qxb7 {[%clk
00:11:19]} {[%emt 00:00:06]} cxb6 {[%clk 00:26:17]} {[%emt 00:00:05]} 30. Qxb6+
{[%clk 00:11:43]} {[%emt 00:00:07]} Ke8 {[%clk 00:26:24]} {[%emt 00:00:23]} 31.
Bxd6 {[%clk 00:11:36]} {[%emt 00:00:37]} 1-0

[Event "Senior Men Russian Championship 2022_HL"]
[Site "Saint-Petersburg, Russia"]
[Date "2022.09.26"]
[Round "3.4"]
[White "Raetsky, Alexander"]
[Black "Kozlov, Oleg"]
[Result "1-0"]
[TimeControl "40+30"]
[WhiteElo "2384"]
[BlackElo "2279"]

1. d4 {[%clk 01:23:18]} {[%emt 00:07:41]} d5 {[%clk 01:30:39]} {[%emt
00:00:22]} 2. c4 {[%clk 01:23:39]} {[%emt 00:00:09]} c6 {[%clk 01:31:02]}
{[%emt 00:00:07]} 3. Nf3 {[%clk 01:23:47]} {[%emt 00:00:21]} Nf6 {[%clk
01:31:28]} {[%emt 00:00:05]} 4. Qc2 {[%clk 01:22:01]} {[%emt 00:02:16]} dxc4
{[%clk 01:26:11]} {[%emt 00:05:48]} 5. Qxc4 {[%clk 01:22:21]} {[%emt 00:00:09]}
Bf5 {[%clk 01:26:11]} {[%emt 00:00:30]} 6. g3 {[%clk 01:22:29]} {[%emt
00:00:21]} e6 {[%clk 01:24:47]} {[%emt 00:01:54]} 7. Bg2 {[%clk 01:22:50]}
{[%emt 00:00:09]} Be7 {[%clk 01:24:34]} {[%emt 00:00:44]} 8. O-O {[%clk
01:22:47]} {[%emt 00:00:31]} O-O {[%clk 01:24:35]} {[%emt 00:00:31]} 9. Nc3
{[%clk 01:17:46]} {[%emt 00:05:31]} Nbd7 {[%clk 01:23:23]} {[%emt 00:01:41]} 10.
Re1 {[%clk 01:15:59]} {[%emt 00:02:17]} Bg6 {[%clk 01:16:13]} {[%emt 00:07:40]}
11. e4 {[%clk 01:13:53]} {[%emt 00:02:35]} b5 {[%clk 01:15:29]} {[%emt
00:01:16]} 12. Qxc6 {[%clk 00:57:25]} {[%emt 00:16:58]} b4 {[%clk 01:15:56]}
{[%emt 00:00:03]} 13. e5 {[%clk 00:54:56]} {[%emt 00:02:59]} Rc8 {[%clk
00:58:59]} {[%emt 00:17:27]} 14. Qa6 {[%clk 00:45:56]} {[%emt 00:09:29]} bxc3
{[%clk 00:57:21]} {[%emt 00:02:08]} 15. exf6 {[%clk 00:46:17]} {[%emt
00:00:09]} cxb2 {[%clk 00:56:38]} {[%emt 00:01:13]} 16. fxe7 {[%clk 00:14:26]}
{[%emt 00:32:21]} bxa1=Q {[%clk 00:56:29]} {[%emt 00:00:39]} 17. exd8=Q {[%clk
00:12:21]} {[%emt 00:02:34]} Rfxd8 {[%clk 00:56:46]} {[%emt 00:00:13]} 18. Bg5
{[%clk 00:12:40]} {[%emt 00:00:11]} Qc3 {[%clk 00:57:12]} {[%emt 00:00:04]} 19.
Bxd8 {[%clk 00:13:03]} {[%emt 00:00:07]} Rxd8 {[%clk 00:57:39]} {[%emt
00:00:03]} 20. Qxa7 {[%clk 00:13:06]} {[%emt 00:00:27]} h6 {[%clk 00:57:30]}
{[%emt 00:00:40]} 21. h3 {[%clk 00:11:57]} {[%emt 00:01:38]} Nf6 {[%clk
00:57:35]} {[%emt 00:00:25]} 22. Qc5 {[%clk 00:10:40]} {[%emt 00:01:47]} Qb2
{[%clk 00:51:51]} {[%emt 00:06:15]} 23. Qa5 {[%clk 00:02:25]} {[%emt 00:08:44]}
Rd5 {[%clk 00:36:16]} {[%emt 00:16:05]} 24. Qa6 {[%clk 00:02:25]} {[%emt
00:00:31]} Be4 {[%clk 00:19:00]} {[%emt 00:17:44]} 25. Qe2 {[%clk 00:01:52]}
{[%emt 00:01:02]} Qb7 {[%clk 00:16:00]} {[%emt 00:03:31]} 26. Rc1 {[%clk
00:01:13]} {[%emt 00:01:08]} Rd8 {[%clk 00:11:35]} {[%emt 00:04:56]} 27. a4
{[%clk 00:00:53]} {[%emt 00:00:51]} Ra8 {[%clk 00:09:04]} {[%emt 00:03:01]} 28.
Ra1 {[%clk 00:00:57]} {[%emt 00:00:25]} Qb4 {[%clk 00:09:14]} {[%emt 00:00:20]}
29. Qa2 {[%clk 00:00:52]} {[%emt 00:00:35]} Ra5 {[%clk 00:07:15]} {[%emt
00:02:30]} 30. Qa3 {[%clk 00:00:50]} {[%emt 00:00:32]} Qb6 {[%clk 00:07:32]}
{[%emt 00:00:13]} 31. Rc1 {[%clk 00:00:38]} {[%emt 00:00:42]} Bxf3 {[%clk
00:03:52]} {[%emt 00:04:10]} 32. Bxf3 {[%clk 00:00:55]} {[%emt 00:00:12]} Qxd4
{[%clk 00:04:16]} {[%emt 00:00:07]} 33. Rc8+ {[%clk 00:00:43]} {[%emt
00:00:41]} Kh7 {[%clk 00:04:44]} {[%emt 00:00:03]} 34. Ra8 {[%clk 00:00:53]}
{[%emt 00:00:20]} Rf5 {[%clk 00:02:55]} {[%emt 00:02:19]} 35. Kg2 {[%clk
00:01:14]} {[%emt 00:00:10]} Nd7 {[%clk 00:00:41]} {[%emt 00:02:44]} 36. Rd8
{[%clk 00:01:13]} {[%emt 00:00:30]} Qc5 {[%clk 00:00:38]} {[%emt 00:00:33]} 37.
Qxc5 {[%clk 00:01:28]} {[%emt 00:00:15]} Nxc5 {[%clk 00:01:07]} {[%emt
00:00:01]} 38. a5 {[%clk 00:01:45]} {[%emt 00:00:14]} g6 {[%clk 00:01:22]}
{[%emt 00:00:14]} 39. Rd6 {[%clk 00:01:41]} {[%emt 00:00:33]} Nb3 {[%clk
00:01:03]} {[%emt 00:00:50]} 40. a6 {[%clk 00:32:04]} {[%emt 00:00:07]} Ra5
{[%clk 00:31:05]} {[%emt 00:00:28]} 41. Be2 {[%clk 00:21:34]} {[%emt 00:11:00]}
Nc5 {[%clk 00:16:53]} {[%emt 00:14:43]} 42. Rc6 {[%clk 00:21:46]} {[%emt
00:00:18]} Na4 {[%clk 00:02:55]} {[%emt 00:14:28]} 43. Kf3 {[%clk 00:14:09]}
{[%emt 00:08:07]} Kg7 {[%clk 00:03:22]} {[%emt 00:00:04]} 44. Ke3 {[%clk
00:14:25]} {[%emt 00:00:14]} e5 {[%clk 00:00:59]} {[%emt 00:02:53]} 45. Kd2
{[%clk 00:07:52]} {[%emt 00:07:01]} Nc5 {[%clk 00:00:36]} {[%emt 00:00:54]} 46.
Kc3 {[%clk 00:07:19]} {[%emt 00:01:02]} Ne4+ {[%clk 00:00:34]} {[%emt
00:00:32]} 47. Kb4 {[%clk 00:07:30]} {[%emt 00:00:19]} Ra1 {[%clk 00:00:52]}
{[%emt 00:00:13]} 48. Bc4 {[%clk 00:06:52]} {[%emt 00:01:08]} Rb1+ {[%clk
00:00:36]} {[%emt 00:00:46]} 49. Bb3 {[%clk 00:06:50]} {[%emt 00:00:32]} Nd2
{[%clk 00:00:39]} {[%emt 00:00:27]} 50. Rc3 {[%clk 00:07:07]} {[%emt 00:00:13]}
Ra1 {[%clk 00:00:44]} {[%emt 00:00:25]} 51. Ba4 {[%clk 00:07:06]} {[%emt
00:00:31]} Rb1+ {[%clk 00:00:48]} {[%emt 00:00:27]} 52. Ka5 {[%clk 00:07:14]}
{[%emt 00:00:22]} Ne4 {[%clk 00:00:54]} {[%emt 00:00:24]} 53. Rc7 {[%clk
00:05:04]} {[%emt 00:02:40]} Nf6 {[%clk 00:01:16]} {[%emt 00:00:08]} 54. a7
{[%clk 00:04:55]} {[%emt 00:00:38]} Nd5 {[%clk 00:01:27]} {[%emt 00:00:19]} 55.
Rc6 {[%clk 00:05:02]} {[%emt 00:00:23]} 1-0

[Event "Senior Men Russian Championship 2022_HL"]
[Site "Saint-Petersburg, Russia"]
[Date "2022.09.26"]
[Round "3.5"]
[White "Zhelnin, Vladimir V"]
[Black "Pozin, Sergey"]
[Result "0-1"]
[TimeControl "40+30"]
[WhiteElo "2344"]
[BlackElo "2257"]

1. e4 {[%clk 01:30:56]} {[%emt 00:00:02]} c5 {[%clk 01:30:04]} {[%emt
00:00:57]} 2. Nc3 {[%clk 01:30:09]} {[%emt 00:01:16]} e6 {[%clk 01:28:15]}
{[%emt 00:02:20]} 3. Nf3 {[%clk 01:29:34]} {[%emt 00:01:05]} Nc6 {[%clk
01:28:13]} {[%emt 00:00:33]} 4. d4 {[%clk 01:29:34]} {[%emt 00:00:29]} cxd4
{[%clk 01:28:37]} {[%emt 00:00:06]} 5. Nxd4 {[%clk 01:29:54]} {[%emt 00:00:10]}
d6 {[%clk 01:28:19]} {[%emt 00:00:48]} 6. Be3 {[%clk 01:25:02]} {[%emt
00:05:21]} Nf6 {[%clk 01:25:29]} {[%emt 00:03:21]} 7. Be2 {[%clk 01:23:18]}
{[%emt 00:02:14]} Be7 {[%clk 01:25:43]} {[%emt 00:00:16]} 8. O-O {[%clk
01:23:10]} {[%emt 00:00:38]} O-O {[%clk 01:26:08]} {[%emt 00:00:05]} 9. Kh1
{[%clk 01:21:28]} {[%emt 00:02:12]} Bd7 {[%clk 01:23:46]} {[%emt 00:02:53]} 10.
Nb3 {[%clk 01:21:06]} {[%emt 00:00:51]} a6 {[%clk 01:20:20]} {[%emt 00:03:56]}
11. a4 {[%clk 01:14:15]} {[%emt 00:07:20]} Na5 {[%clk 01:18:48]} {[%emt
00:02:03]} 12. Nd2 {[%clk 01:14:18]} {[%emt 00:00:27]} Rc8 {[%clk 01:15:16]}
{[%emt 00:04:02]} 13. f4 {[%clk 01:12:24]} {[%emt 00:02:23]} Be8 {[%clk
00:57:23]} {[%emt 00:18:24]} 14. Qe1 {[%clk 00:54:21]} {[%emt 00:18:33]} d5
{[%clk 00:57:34]} {[%emt 00:00:19]} 15. Qf2 {[%clk 00:54:01]} {[%emt 00:00:50]}
Bb4 {[%clk 00:57:57]} {[%emt 00:00:07]} 16. e5 {[%clk 00:47:04]} {[%emt
00:07:28]} Nd7 {[%clk 00:58:18]} {[%emt 00:00:08]} 17. Bd3 {[%clk 00:46:37]}
{[%emt 00:00:57]} f5 {[%clk 00:54:31]} {[%emt 00:04:17]} 18. exf6 {[%clk
00:43:49]} {[%emt 00:03:18]} Nxf6 {[%clk 00:50:10]} {[%emt 00:04:50]} 19. Nf3
{[%clk 00:26:49]} {[%emt 00:17:31]} Nc4 {[%clk 00:31:20]} {[%emt 00:19:20]} 20.
Bd4 {[%clk 00:14:42]} {[%emt 00:12:36]} Nxb2 {[%clk 00:27:06]} {[%emt
00:04:45]} 21. Nxd5 {[%clk 00:13:47]} {[%emt 00:01:25]} Nxd3 {[%clk 00:26:47]}
{[%emt 00:00:49]} 22. Nxf6+ {[%clk 00:14:03]} {[%emt 00:00:14]} Qxf6 {[%clk
00:25:40]} {[%emt 00:01:36]} 23. cxd3 {[%clk 00:14:17]} {[%emt 00:00:17]} Qxf4
{[%clk 00:22:18]} {[%emt 00:03:52]} 24. Qb2 {[%clk 00:13:32]} {[%emt 00:01:15]}
Bd6 {[%clk 00:22:39]} {[%emt 00:00:09]} 25. Qxb7 {[%emt 00:07:27]} Rc7 {[%clk
00:22:06]} {[%emt 00:00:55]} 26. Qb2 {[%clk 00:05:10]} {[%emt 00:02:03]} Bc6
{[%clk 00:20:35]} {[%emt 00:02:00]} 27. Kg1 {[%clk 00:04:18]} {[%emt 00:01:22]}
Rcf7 {[%clk 00:19:14]} {[%emt 00:01:51]} 28. Be5 {[%clk 00:01:06]} {[%emt
00:03:42]} Qe3+ {[%clk 00:16:29]} {[%emt 00:03:14]} 29. Rf2 {[%clk 00:00:39]}
{[%emt 00:00:58]} Bxe5 {[%clk 00:14:14]} {[%emt 00:02:46]} 30. Qxe5 {[%clk
00:00:50]} {[%emt 00:00:18]} Rxf3 {[%clk 00:14:13]} {[%emt 00:00:31]} 0-1